Usatges de Barcelona / editats amb una introducció de Ramon d'Abadal i Vinyals i Ferran Valls i Taberner
Descripción Física:
XXXI, 112 p. ; 25 cm
MARC
| LEADER | 00000nam a2200000Ia 4500 | ||
|---|---|---|---|
| 001 | 7875 | ||
| 008 | 160829s1913 xx 000 0 cat d | ||
| 080 | |a D-1-31 | ||
| 245 | |a Usatges de Barcelona / editats amb una introducció de Ramon d'Abadal i Vinyals i Ferran Valls i Taberner | ||
| 260 | |a Barcelona : |b (Imp. Casa Caritat), |c 1913 | ||
| 300 | |a XXXI, 112 p. ; |c 25 cm | ||
| 490 | |a Textes de Dret Català ; 1 / Col·lecció dirigida per Ramon d'Abadal i Vinyals i Ferran Valls Taberner | ||
| 650 | |a Dret |x Catalunya |x Història |x S. XI/XIII |x Fonts |9 34760 | ||
| 700 | 1 | |a Abadal i Calderó, Ramon d', |d 1862-1945 |9 34761 | |
| 700 | |a Valls i Taberner, Ferran | ||
| 901 | |a Arxiu | ||
| 942 | |n 1 | ||
| 952 | |0 0 |1 0 |4 0 |6 D131 |7 1 |9 46633 |a Arxiu |b Arxiu |d 2016-12-01 |l 0 |o D-1-31 |p 7875 |r 2016-12-01 00:00:00 |w 2016-12-01 |y ARXIU | ||
| 999 | |c 50426 |d 50426 | ||